<?xml version="1.0" encoding="UTF-8"?>
<record
    xmlns:xsi="http://www.w3.org/2001/XMLSchema-instance"
    xsi:schemaLocation="http://www.loc.gov/MARC21/slim http://www.loc.gov/standards/marcxml/schema/MARC21slim.xsd"
    xmlns="http://www.loc.gov/MARC21/slim">

  <leader>03553cam a2200361 a 4500</leader>
  <datafield tag="999" ind1=" " ind2=" ">
    <subfield code="c">5228</subfield>
    <subfield code="d">5228</subfield>
  </datafield>
  <controlfield tag="001">16973066</controlfield>
  <controlfield tag="003">OCoLC</controlfield>
  <controlfield tag="005">20190102094637.0</controlfield>
  <controlfield tag="008">880208s1987    maub          001 0 eng  </controlfield>
  <datafield tag="010" ind1=" " ind2=" ">
    <subfield code="a">88000628</subfield>
  </datafield>
  <datafield tag="020" ind1=" " ind2=" ">
    <subfield code="a">0913573868</subfield>
  </datafield>
  <datafield tag="020" ind1=" " ind2=" ">
    <subfield code="a">9780913573860</subfield>
  </datafield>
  <datafield tag="035" ind1=" " ind2=" ">
    <subfield code="a">(OCoLC)16973066</subfield>
    <subfield code="z">(OCoLC)17509486</subfield>
    <subfield code="z">(OCoLC)493577671</subfield>
  </datafield>
  <datafield tag="040" ind1=" " ind2=" ">
    <subfield code="a">DLC</subfield>
    <subfield code="b">eng</subfield>
    <subfield code="c">DLC</subfield>
    <subfield code="d">BAKER</subfield>
    <subfield code="d">NLGGC</subfield>
    <subfield code="d">BTCTA</subfield>
    <subfield code="d">YDXCP</subfield>
    <subfield code="d">XY4</subfield>
    <subfield code="d">OCLCG</subfield>
    <subfield code="d">HNW</subfield>
    <subfield code="d">SINLB</subfield>
    <subfield code="d">UAB</subfield>
    <subfield code="d">ZWZ</subfield>
    <subfield code="d">OCLCQ</subfield>
  </datafield>
  <datafield tag="041" ind1="1" ind2=" ">
    <subfield code="a">eng</subfield>
    <subfield code="h">grc</subfield>
  </datafield>
  <datafield tag="043" ind1=" " ind2=" ">
    <subfield code="a">a-is---</subfield>
  </datafield>
  <datafield tag="050" ind1="0" ind2="0">
    <subfield code="a">DS116</subfield>
    <subfield code="b">.J7 1988</subfield>
  </datafield>
  <datafield tag="082" ind1=" " ind2=" ">
    <subfield code="a">909</subfield>
    <subfield code="b">W576W</subfield>
  </datafield>
  <datafield tag="100" ind1="1" ind2=" ">
    <subfield code="a">Josephus, Flavius</subfield>
  </datafield>
  <datafield tag="240" ind1="1" ind2="0">
    <subfield code="a">Works.</subfield>
    <subfield code="l">English.</subfield>
    <subfield code="f">1988</subfield>
  </datafield>
  <datafield tag="245" ind1="1" ind2="4">
    <subfield code="a">The works of Josephus :</subfield>
    <subfield code="b">complete and unabridged /</subfield>
    <subfield code="c">translated by William Whiston</subfield>
  </datafield>
  <datafield tag="250" ind1=" " ind2=" ">
    <subfield code="a">New updated ed</subfield>
  </datafield>
  <datafield tag="260" ind1=" " ind2=" ">
    <subfield code="a">Peabody, Mass. :</subfield>
    <subfield code="b">Hendrickson Publishers,</subfield>
    <subfield code="c">c1987</subfield>
    <subfield code="g">(1988 printing)</subfield>
  </datafield>
  <datafield tag="300" ind1=" " ind2=" ">
    <subfield code="a">x, 926 p. :</subfield>
    <subfield code="b">maps ;</subfield>
    <subfield code="c">24 cm</subfield>
  </datafield>
  <datafield tag="500" ind1=" " ind2=" ">
    <subfield code="a">Includes index</subfield>
  </datafield>
  <datafield tag="505" ind1="0" ind2=" ">
    <subfield code="a">Introduction -- The life of Flavius Josephus -- The antiquities of the Jews -- Wars of the Jews -- Flavius Josephus against Apion -- An extract out of Josephus' discourse to the Greeks concerning Hades -- Appendix, dissertation -- Table of the Jewish weights and measure -- List of ancient testimonies and records cited by Josephus and of coins referred to in the notes upon him -- Texts of the Old Testament parallel to Josephus' histories -- Index -- Maps</subfield>
  </datafield>
  <datafield tag="520" ind1=" " ind2=" ">
    <subfield code="a">This renowned reference book has served scholars, pastors, students, and those interested in the background of the New Testament for years. The insight given into the Essene community, the destruction of Jerusalem and the interpretations and traditions of the Old Testament in first century Judaism is invaluable. The outlook of Josephus, a late first century Pharisee and historian, on Jesus and the New Testament documents is enlightening and provocative. As an original reference, The Works of Josephus is essential to a full understanding of the first century, the time of Christ and the New Testament. Complete and unabridged, this is the best one-volume edition of the classic translation of Josephus' works. The entire text has been reset in modern, easy-to-read type; numbering corresponding to that used in the Loeb edition has been added to the text; and citations and cross-references have been updated from Roman numerals to Arabic numbers. Annotation. This renowned reference book has served scholars, pastors, students, and those interested in the background of the New Testament for years. The insight given into the Essene community, the destruction of Jerusalem and the interpretations and traditions of the Old Testament in first century Judaism is invaluable. The outlook of Josephus, a late first century Pharisee and historian, on Jesus and the New Testament documents is enlightening and provocative. As an original reference, "The Works of Josephus" is essential to a full understanding of the first century, the time of Christ and the New Testament. Complete and unabridged, this is the best one-volume edition of the classic translation of Josephus works. The entire text has been reset in modern, easy-to-read type; numbering corresponding to that used in the Loeb edition has been added to the text; and citations and cross-references have been updated from Roman numerals to Arabic numbers</subfield>
  </datafield>
  <datafield tag="650" ind1=" " ind2="0">
    <subfield code="a">Jews</subfield>
    <subfield code="x">History</subfield>
    <subfield code="y">To 70 A.D</subfield>
  </datafield>
  <datafield tag="650" ind1=" " ind2="0">
    <subfield code="a">Jews</subfield>
    <subfield code="x">History</subfield>
    <subfield code="y">Rebellion, 66-73</subfield>
  </datafield>
  <datafield tag="700" ind1="1" ind2=" ">
    <subfield code="a">Whiston, William,</subfield>
    <subfield code="d">1667-1752</subfield>
  </datafield>
  <datafield tag="856" ind1="4" ind2="2">
    <subfield code="3">Publisher description</subfield>
    <subfield code="u">http://www.loc.gov/catdir/description/hend021/88000628.html</subfield>
  </datafield>
  <datafield tag="942" ind1=" " ind2=" ">
    <subfield code="2">ddc</subfield>
    <subfield code="c">BK</subfield>
  </datafield>
  <datafield tag="952" ind1=" " ind2=" ">
    <subfield code="0">0</subfield>
    <subfield code="1">0</subfield>
    <subfield code="2">ddc</subfield>
    <subfield code="4">0</subfield>
    <subfield code="7">1</subfield>
    <subfield code="8">NFIC</subfield>
    <subfield code="a">HMC</subfield>
    <subfield code="b">HMC</subfield>
    <subfield code="c">REF</subfield>
    <subfield code="d">2019-01-02</subfield>
    <subfield code="g">4500.00</subfield>
    <subfield code="l">0</subfield>
    <subfield code="o">REF 909 W576W</subfield>
    <subfield code="p">005857</subfield>
    <subfield code="r">2019-01-02 00:00:00</subfield>
    <subfield code="w">2019-01-02</subfield>
    <subfield code="y">REF</subfield>
  </datafield>
</record>
